|
|
|
|
| LEADER |
00000cam a2200000 7i4500 |
| 001 |
0000039733 |
| 005 |
20140105.0 |
| 008 |
140105 |
| 020 |
|
|
|a 9833374045
|
| 090 |
0 |
0 |
|a 899.231309
|b SER
|
| 245 |
1 |
0 |
|a Seri Terengganu
|
| 260 |
|
|
|a KL :
|b Jabatan Kebudayaan dan Kesenian Negara ,
|c 2011
|
| 650 |
|
0 |
|a Language and languages
|
| 650 |
|
0 |
|a Malay language-Social aspects
|
| 650 |
|
0 |
|a Malay language-usage
|
| 999 |
|
|
|a 0001260988
|b Book
|c Adult Collection
|e Cawangan Segamat
|
| 999 |
|
|
|a 0001260990
|b Book
|c Adult Collection
|e Cawangan Bandar Tenggara
|
| 999 |
|
|
|a 0001260991
|b Book
|c Adult Collection
|e Cawangan Tangkak
|
| 999 |
|
|
|a 0001260992
|b Book
|c Adult Collection
|e Cawangan Mersing
|
| 999 |
|
|
|a 0001260993
|b Book
|c Adult Collection
|e Cawangan Bukit Gambir
|
| 999 |
|
|
|a 0001260994
|b Book
|c Adult Collection
|e Cawangan Kota Tinggi
|
| 999 |
|
|
|a 0001260995
|b Book
|c Children Collection
|e Cawangan Muar
|
| 999 |
|
|
|a 0001260997
|b Book
|c Adult Collection
|e Cawangan Taman Sri Lambak
|
| 999 |
|
|
|a 0001261000
|b Book
|c Adult Collection
|e Cawangan Pontian
|
| 999 |
|
|
|a 0001261001
|b Book
|c Adult Collection
|e Cawangan Tmn. Ungku Tun Aminah
|
| 999 |
|
|
|a 0001261727
|b Book
|c Adult Collection
|e Perbadanan Perpustakaan Awam Johor
|